000 00544nam a22001937a 4500
003 OSt
005 20140310182200.0
008 130902t xxu||||| |||| 00| 0 eng d
020 _a730176342801
050 _aGV 854
_b.C962 1992
082 _aHS 796.93
_b C89 1992
110 _aBoy Scouts of America
_916217
245 _aCub Scout sports :
_bskiing /
_cBoy Scouts of America
260 _aIrving, Texas :
_bBoy Scouts of America,
_cc1992.
300 _a48 p. :
_c20 cm.
650 _a Skiing
_916218
942 _2lcc
_cHS
999 _c10198
_d10198